|
|
|
|
| LEADER |
00000nas a2200000 a 4500 |
| 001 |
ssj0000867937 |
| 003 |
WaSeSS |
| 005 |
20200512172242.0 |
| 006 |
m d |
| 007 |
cr n |
| 008 |
811023u1980uuuuit uu m s i0 a0eng |
| 010 |
|
|
|a 98648893
|z sn 83010308
|
| 016 |
7 |
|
|a 008526620
|2 Uk
|
| 022 |
|
|
|l 0259-2533
|y 0259-2533
|
| 035 |
|
|
|a (WaSeSS)ssj0000867937
|
| 040 |
|
|
|a AGL
|b eng
|c AGL
|d NST
|d DLC
|d OCLCQ
|d UKMGB
|d OCLCO
|d OCLCQ
|d SERSO
|d OCLCF
|d OCLCA
|d CUS
|d U3G
|d OCLCQ
|d MNU
|d WaSeSS
|
| 042 |
|
|
|a pcc
|
| 050 |
0 |
0 |
|a SH1
|b .F235
|
| 070 |
|
|
|a SH401.F3
|
| 072 |
|
0 |
|a M110
|
| 082 |
0 |
0 |
|a 639.2
|2 21
|
| 210 |
1 |
|
|a FAO train. ser.
|
| 222 |
|
0 |
|a FAO training series
|
| 245 |
0 |
0 |
|a FAO training series
|h [electronic resource].
|
| 260 |
|
|
|a Rome :
|b Food and Agriculture Organization of the United Nations,
|c 1980-
|
| 362 |
0 |
|
|a 1-
|
| 500 |
|
|
|a Separately classified in LC before [no.] 25, except for [no.] 19, 21/1, and 23.
|5 DLC
|
| 506 |
|
|
|a License restrictions may limit access.
|
| 588 |
|
|
|a Latest issue consulted: 25, published in 1995.
|
| 650 |
|
0 |
|a Fisheries.
|
| 650 |
|
0 |
|a Fishers
|x Training of.
|
| 650 |
|
0 |
|a Fishery extension work.
|
| 650 |
|
7 |
|a Fisheries.
|2 fast
|0 (OCoLC)fst00926051
|
| 650 |
|
7 |
|a Fishers
|x Training of.
|2 fast
|0 (OCoLC)fst00926204
|
| 650 |
|
7 |
|a Fishery extension work.
|2 fast
|0 (OCoLC)fst00926216
|
| 650 |
|
3 |
|a Fishing
|x Periodicals.
|
| 653 |
|
|
|a Developing countries
|a Personnel
|a Training
|a Serials
|
| 655 |
|
0 |
|a Electronic journals.
|
| 710 |
2 |
|
|a Food and Agriculture Organization of the United Nations.
|
| 850 |
|
|
|a AzU
|a CaSSU
|a CoFS
|a CtY-KS
|a DLC
|a DNAL
|a DeU
|a GU
|a MCM
|a NIC
|a NcD
|
| 856 |
4 |
0 |
|z Full text available from Research Library: 01/01/2001 to 01/31/2001
|u https://search.proquest.com/publication/237316
|